000 01214cam a2200301 a 4500
001 4034406
005 20170105102351.0
008 980728s1998 nyua b 001 0 eng
010 _a 98030680
020 _a0471318574 (alk. paper)
040 _aDLC
_cDLC
_dDLC
050 0 0 _aTJ213
_b.S45543 1998
082 0 0 _a629.8
_221
100 1 _aShinners, Stanley M.
245 1 0 _aAdvanced modern control system theory and design
_cStanley M. Shinners
260 _aNew York :
_bWiley,
_cc1998.
300 _axvi, 607 p. :
_bill. ;
_c26 cm.
500 _a"A Wiley-Interscience publication."
504 _aIncludes bibliographical references and index.
650 0 _aAutomatic control.
650 0 _aControl theory.
856 4 2 _3Contributor biographical information
_uhttp://www.loc.gov/catdir/bios/wiley042/98030680.html
856 4 2 _3Publisher description
_uhttp://www.loc.gov/catdir/description/wiley033/98030680.html
856 4 _3Table of Contents
_uhttp://www.loc.gov/catdir/toc/onix05/98030680.html
906 _a7
_bcbc
_corignew
_d1
_eocip
_f19
_gy-gencatlg
942 _2ddc
_cBK
999 _c11919
_d11919